| 000 | 00511nam a2200181Ia 4500 | ||
|---|---|---|---|
| 005 | 20250423101321.0 | ||
| 008 | 250422s9999 xx 000 0 und d | ||
| 020 | _a0536088470 | ||
| 050 | _aPE 1112 .A23/ | ||
| 100 | _aAaron, Jane E. | ||
| 245 | 4 | _aThe Little, Brown compact handbook | |
| 260 | _a New York | ||
| 260 | _bLongman | ||
| 260 | _c2007 | ||
| 300 | _a481 p | ||
| 650 | _aEnglish language--Grammar--Handbooks, manuals, etc. English language--Rhetoric--Handbooks, manuals, etc. | ||
| 942 | _cBK | ||
| 999 |
_c35951 _d35951 |
||